Sex Bias in testing
| 1. autor: | |
|---|---|
| Format: | Książka |
| Wydane: |
New Jersey, Estados unidos :
ERIC Clearinghouse on Tests Measurement Evaluation Educational Testing Servi,
1979
|
| Hasła przedmiotowe: |
MARC
| LEADER | 00000nam a2200000Ia 4500 | ||
|---|---|---|---|
| 008 | 170328b1979 us ||||| |||| 00| | en d | ||
| 999 | |c 1172 |d 1172 | ||
| 090 | |a 371.260.16 |b H939s | ||
| 100 | 1 | |a Hunt, Barbara |9 2641 | |
| 245 | 1 | 0 | |a Sex Bias in testing |
| 260 | |a New Jersey, Estados unidos : |b ERIC Clearinghouse on Tests Measurement Evaluation Educational Testing Servi, |c 1979 | ||
| 300 | |a 85 páginas | ||
| 650 | 1 | 4 | |a BIBLIOGRAFÍAS |9 1485 |
| 650 | 1 | 4 | |a EVALUACIÓN |9 287 |
| 650 | 1 | 4 | |a EDUCACIÓN |9 1 |
| 942 | |i 328101 |h 371.260.16 H939s |2 z |c 01 | ||
